MARC details
| 000 -LEADER |
| fixed length control field |
02219pam a2200505 i 4500 |
| 001 - CONTROL NUMBER |
| control field |
2018035371 |
| 003 - CONTROL NUMBER IDENTIFIER |
| control field |
DLC |
| 005 - DATE AND TIME OF LATEST TRANSACTION |
| control field |
20190422135643.0 |
| 008 - FIXED-LENGTH DATA ELEMENTS--GENERAL INFORMATION |
| fixed length control field |
180821t20192019nyu d 000 1 eng c |
| 010 ## - LIBRARY OF CONGRESS CONTROL NUMBER |
| LC control number |
2018035371 |
| 020 ## - INTERNATIONAL STANDARD BOOK NUMBER |
| International Standard Book Number |
9781338298505 |
| 020 ## - INTERNATIONAL STANDARD BOOK NUMBER |
| International Standard Book Number |
133829850X |
| 035 ## - SYSTEM CONTROL NUMBER |
| System control number |
1213895 |
| 040 ## - CATALOGING SOURCE |
| Original cataloging agency |
NJQ/DLC |
| Language of cataloging |
eng |
| Description conventions |
rda |
| Transcribing agency |
NJQ |
| Modifying agency |
IMmBT |
| 042 ## - AUTHENTICATION CODE |
| Authentication code |
lcac |
| -- |
pcc |
| 043 ## - GEOGRAPHIC AREA CODE |
| Geographic area code |
n-us-me |
| -- |
n-us-ct |
| 092 ## - LOCALLY ASSIGNED DEWEY CALL NUMBER (OCLC) |
| Classification number |
F |
| 100 1# - MAIN ENTRY--PERSONAL NAME |
| Personal name |
Rice, Luanne, |
| Relator term |
author. |
| 9 (RLIN) |
23499 |
| 245 10 - TITLE STATEMENT |
| Title |
Pretend she's here / |
| Statement of responsibility, etc |
Luanne Rice. |
| 246 3# - VARYING FORM OF TITLE |
| Title proper/short title |
Pretend she is here. |
| 250 ## - EDITION STATEMENT |
| Edition statement |
First edition. |
| 264 #1 - Production, Publication, Distribution, Manufacture, and Copyright Notice. |
| Place of production, publication, distribution, manufacture |
New York : |
| Name of producer, publisher, distributor, manufacturer |
Scholastic Press, |
| Date of production, publication, distribution, manufacture, or copyr |
[2019] |
| 264 #4 - Production, Publication, Distribution, Manufacture, and Copyright Notice. |
| Date of production, publication, distribution, manufacture, or copyr |
©2019. |
| Place of production, publication, distribution, manufacture |
New York : |
| Name of producer, publisher, distributor, manufacturer |
Scholastic Press, |
| 300 ## - PHYSICAL DESCRIPTION |
| Extent |
337 pages ; |
| Dimensions |
22 cm. |
| 336 ## - Content Type |
| Content type term |
text |
| 337 ## - Media type |
| Media type term |
unmediated |
| 338 ## - Carrier type |
| Carrier type term |
volume |
| 520 ## - SUMMARY, ETC. |
| Summary, etc |
Fifteen-year-old Emily has six siblings, but she was also close to her best friend, Lizzie Porter, who died nearly a year ago, and she is still grieving; but Lizzie's family are also grieving, so much so, that they use Lizzie's younger sister, Chloe, as a lure and kidnap Emily, forcing her to dress, talk, and act like Lizzie, and threatening to go after Emily's family if she does not become the replacement for the daughter they lost--and Emily is caught between fear for herself and her family, and concern for Chloe, who she sees is also a victim of Mrs. Porter's madness. |
| 650 #0 - SUBJECT ADDED ENTRY--TOPICAL TERM |
| Topical term or geographic name as entry element |
Children |
| General subdivision |
Death |
| Form subdivision |
Juvenile fiction. |
| 9 (RLIN) |
5774123 |
| 650 #0 - SUBJECT ADDED ENTRY--TOPICAL TERM |
| Topical term or geographic name as entry element |
Kidnapping |
| Form subdivision |
Juvenile fiction. |
| 9 (RLIN) |
5673689 |
| 650 #0 - SUBJECT ADDED ENTRY--TOPICAL TERM |
| Topical term or geographic name as entry element |
Identity (Psychology) |
| Form subdivision |
Juvenile fiction. |
| 9 (RLIN) |
5673925 |
| 650 #0 - SUBJECT ADDED ENTRY--TOPICAL TERM |
| Topical term or geographic name as entry element |
Bereavement |
| Form subdivision |
Juvenile fiction. |
| 9 (RLIN) |
5693037 |
| 650 #0 - SUBJECT ADDED ENTRY--TOPICAL TERM |
| Topical term or geographic name as entry element |
Mental illness |
| Form subdivision |
Juvenile fiction. |
| 9 (RLIN) |
5774124 |
| 650 #0 - SUBJECT ADDED ENTRY--TOPICAL TERM |
| Topical term or geographic name as entry element |
Sisters |
| Form subdivision |
Juvenile fiction. |
| 9 (RLIN) |
5674652 |
| 650 #0 - SUBJECT ADDED ENTRY--TOPICAL TERM |
| Topical term or geographic name as entry element |
Families |
| Form subdivision |
Juvenile fiction. |
| 9 (RLIN) |
5674031 |
| 650 #1 - SUBJECT ADDED ENTRY--TOPICAL TERM |
| Topical term or geographic name as entry element |
Kidnapping |
| Form subdivision |
Fiction. |
| 9 (RLIN) |
5673693 |
| 650 #1 - SUBJECT ADDED ENTRY--TOPICAL TERM |
| Topical term or geographic name as entry element |
Identity |
| Form subdivision |
Fiction. |
| 9 (RLIN) |
5673896 |
| 650 #1 - SUBJECT ADDED ENTRY--TOPICAL TERM |
| Topical term or geographic name as entry element |
Grief |
| Form subdivision |
Fiction. |
| 9 (RLIN) |
5681242 |
| 650 #1 - SUBJECT ADDED ENTRY--TOPICAL TERM |
| Topical term or geographic name as entry element |
Mental illness |
| Form subdivision |
Fiction. |
| 9 (RLIN) |
5679985 |
| 650 #1 - SUBJECT ADDED ENTRY--TOPICAL TERM |
| Topical term or geographic name as entry element |
Sisters |
| Form subdivision |
Fiction. |
| 9 (RLIN) |
5674091 |
| 650 #1 - SUBJECT ADDED ENTRY--TOPICAL TERM |
| Topical term or geographic name as entry element |
Family life |
| Form subdivision |
Fiction. |
| 9 (RLIN) |
5674038 |
| 655 #7 - INDEX TERM--GENRE/FORM |
| Genre/form data or focus term |
Psychological fiction. |
| Source of term |
lcgft. |
| 9 (RLIN) |
5673631 |
| 907 ## - LOCAL DATA ELEMENT G, LDG (RLIN) |
| a |
.b402729559 |
| 942 ## - ADDED ENTRY ELEMENTS (KOHA) |
| Source of classification or shelving scheme |
Dewey Decimal Classification |
| Koha item type |
BOOK |